|
|
|
|
| LEADER |
00000naa2a2200000 4500 |
| 001 |
635823 |
| 005 |
20231218103204.0 |
| 035 |
|
|
|a (RuTPU)RU\TPU\conf\37680
|
| 035 |
|
|
|a RU\TPU\conf\37673
|
| 090 |
|
|
|a 635823
|
| 100 |
|
|
|a 20230619d2023 k y0rusy50 ca
|
| 101 |
0 |
|
|a rus
|
| 102 |
|
|
|a RU
|
| 105 |
|
|
|a y z 101zy
|
| 135 |
|
|
|a drgn ---uucaa
|
| 181 |
|
0 |
|a i
|
| 182 |
|
0 |
|a b
|
| 200 |
1 |
|
|a Применение SuFEx реакции для получения производных бензоксазола
|f Н. В. Даниленко, М. О. Луцук
|g науч. рук. А. И. Хлебников
|
| 203 |
|
|
|a Текст
|c электронный
|
| 225 |
1 |
|
|a Химия и химическая технология органических веществ и материалов
|
| 300 |
|
|
|a Заглавие с титульного экрана
|
| 320 |
|
|
|a [Библиогр.: с. 237 (3 назв.)]
|
| 338 |
|
|
|b Российский научный фонд
|d 23-23-00460
|
| 461 |
|
1 |
|0 (RuTPU)RU\TPU\conf\37590
|t Химия и химическая технология в XXI веке
|o материалы XXIV Международной научно-практической конференции студентов и молодых ученых имени выдающихся химиков Л. П. Кулёва и Н. М. Кижнера, посвященной 85-летию со дня рождения профессора А. В. Кравцова, Томск, 15-19 мая 2023 г.
|o в 2 т.
|f Национальный исследовательский Томский политехнический университет (ТПУ) ; Инженерная школа природных ресурсов ; Инженерная школа новых производственных технологий ; Исследовательская школа химических и биомедицинских технологий ; Инженерная школа ядерных технологий
|d 2023
|
| 463 |
|
1 |
|0 (RuTPU)RU\TPU\conf\37591
|t Т. 1
|v [С. 236-237]
|d 2023
|
| 610 |
1 |
|
|a труды учёных ТПУ
|
| 610 |
1 |
|
|a электронный ресурс
|
| 610 |
1 |
|
|a бензоксазолы
|
| 610 |
1 |
|
|a флуоресцентные свойства
|
| 610 |
1 |
|
|a люминесцентные сенсоры
|
| 610 |
1 |
|
|a биологически активные соединения
|
| 700 |
|
1 |
|a Даниленко
|b Н. В.
|c химик-технолог
|c инженер-исследовательТомского политехнического университета
|f 1992-
|g Надежда Викторовна
|3 (RuTPU)RU\TPU\pers\35497
|9 18679
|
| 701 |
|
1 |
|a Луцук
|b М. О.
|c специалист в области биотехнологии
|c инженер Томского политехнического университета
|f 2000-
|g Мария Олеговна
|3 (RuTPU)RU\TPU\pers\47601
|
| 702 |
|
1 |
|a Хлебников
|b А. И.
|c химик
|c профессор Томского политехнического университета
|f 1963-
|g Андрей Иванович
|4 727
|
| 712 |
0 |
2 |
|a Национальный исследовательский Томский политехнический университет
|b Инженерная школа новых производственных технологий
|b Научно-образовательный центр Н. М. Кижнера
|3 (RuTPU)RU\TPU\col\23556
|
| 801 |
|
2 |
|a RU
|b 63413507
|c 20230731
|g RCR
|
| 856 |
4 |
|
|u http://earchive.tpu.ru/handle/11683/76647
|
| 942 |
|
|
|c BK
|